MARC

LEADER 00000nam0a2200000 4500
001 373703
005 20231102012605.0
020 |a RU  |b 79-61255ж 
035 |a (RuTPU)RU\TPU\retro\31133 
035 |a RU\TPU\book\116351 
090 |a 373703 
100 |a 20221216d1977 k y0rusy5003 ca 
101 0 |a rus 
102 |a RU 
105 |a a z 001zy 
200 1 |a Совершенствование процессов обработки металлов резанием  |e [сборник]  |f Удмуртский государственный университет (УдГУ) ; Ижевский механический институт ; отв. ред. В. В. Пузанов 
210 |a Ижевск  |c Изд-во ИжМИ  |d 1977 
215 |d 20 см.  |a 122 с.  |c ил. 
225 1 |a Межвузовский сборник  |v Вып. 2 
305 |a Изд. выходит с 1976 г. 
320 |a Библиогр. в конце ст. 
606 1 |a Резание металлов  |x Оптимизация  |2 stltpush  |3 (RuTPU)RU\TPU\subj\24524  |9 48857 
610 1 |a исследования 
610 1 |a финишная обработка 
610 1 |a износостойкость 
610 1 |a инструменты 
610 1 |a точность 
675 |a 621.91.014  |z rus  |v 3 
702 1 |a Пузанов  |b В. В.  |4 340 
712 0 2 |a Удмуртский государственный университет (УдГУ)  |c (Ижевск)  |2 stltpush  |3 (RuTPU)RU\TPU\col\1581 
712 0 2 |a Ижевский механический институт  |2 stltpush  |3 (RuTPU)RU\TPU\col\12489  |9 25432 
801 1 |a RU  |b 63413507  |c 20061228  |g PSBO 
801 2 |a RU  |b 63413507  |c 20221216  |g PSBO 
942 |c BK